000 00861cam a2200253 4500
001 J1521
008 090401t1993 xxu||||| |||| 00| 0 eng d
035 _a(Sirsi) u43959
041 _aeng
050 _a546.73
100 _aButler, D.J.G.
245 _aPhase-out of CFCs: guidance for owners and operators of air conditioning systems.
260 _aGarston, Watford
_bBuilding Research Establishment
_c1993
300 _a(4)p. ; 30cm.
350 _a0
490 _aBRE Information Paper
_v8/93
650 _aBUILT ENVIRONMENT-BUILDING ELEMENTS-COMPLETE BUILDING SERVICES ELEMENTS-COMPLETE HEATING, VENTILATION AND AIR CONDITIONING SYSTEMS
650 _aCHLOROFLUOROCARBONS
650 _aHYDROCHLOROFLUOROCARBONS
690 _aENVIRONMENTAL AND LAND CONSULTANCY
710 _aBuilding Research Establishment
942 _n0
948 _c04/03/1997
999 _c91413
_d91413